00868nam a2200241Ia 4500952011600000999001700116005001700133008004100150020001500191050002300206100003600229245011000265260003200375300001800407336001000425337001400435338001400449500002700463519006900490650002200559650003300581942001200614 00102lcc4070a22b22d2009-08-01l6oHF1417.5 M38 1998p06 000082r2020-02-01s2020-01-27t1w2012-06-26yLB c65041d6504120231102150854.0120626s1998 mx 000 0 spa d a9682433991 aHF1417.5bM38 1998 aMaubert Viveros, Claudioeautor aComercio internacionalb : aspectos operativos, administrativos y financieros c/ Claudio Maubert Viveros aMéxicob: Trillasc, 1988 a211 páginas atexto asin medio avolúmen a3a. Reimpresión 2005 aMaterial Complementario /bComercio Internacional /d(06 000082) aCOMERCIO EXTERIOR aPROMOCIÓN DE EXPORTACIONES 2lcccLB